000 00619nam a22002057a 4500
005 20140812161558.0
010 _aENG-110352
020 _a9789350621363
_c495.00
035 _aEN-93884
037 _bDBAD/PUB
082 _a658.1
100 _aAquinas, P. G.
245 _aOrganisational behaviour :
_cby P. G. Aquinas
_bconcepts, realities, applications and challenges /
250 _a2nd ed
260 _aNew Delhi
_bExcel Books
_c2013
270 _aA-45, Naraina, Phase I
_bNew Delhi
_e110028
300 _axxviii,831p.
_c28cm(pbk)
500 _aIncludes index
942 _2ddc
_cEN
_mAQU
_h658.1
999 _c86286
_d86286